000 00315nam a22001337a 4500
008 181029b xxu||||| |||| 00| 0 eng d
020 _a074470874676
041 _aeng
080 _a821
100 _a24
101 _aGJU
245 _aGulf Coast A journal Of Literature Fire Arts
_cFlyn.n
942 _2udc
_cBK
999 _c50951
_d50951